Gaming Quiz

Random Gaming or Nintendo Quiz

IGN's Top 25 NES Games Quiz Stats

 Plays Quiz Updated Aug 20, 2012

Challenge
Share
Tweet
Embed
Score 0/25 Timer 05:00
6 Plays Today
Rank % Correct
3Super Mario Bros.
95.7%
1Super Mario Bros. 3
72.2%
2The Legend of Zelda
70.8%
18Super Mario Bros. 2
69.9%
6Metroid
45.8%
12Contra
40.9%
19Castlevania
34.9%
7Mike Tyson's Punch-Out!!
33.1%
11Final Fantasy
31.9%
4Mega Man 2
29.5%
16Mega Man 3
27.2%
21Zelda II: The Adventure of Link
25.8%
14Excitebike
25.7%
Rank % Correct
25Castlevania II: Simon's Quest
22.3%
20Kid Icarus
20.7%
5Castlevania III: Dracula's Curse
18.3%
17Ninja Gaiden
17.6%
8Dragon Warrior
13.8%
23Bubble Bobble
13.5%
10Duck Tales
12.2%
24Blades of Steel
11.9%
13R.C. Pro-Am
9.2%
15River City Ransom
7.1%
9Bionic Commando
6.9%
22Blaster Master
5.4%

You're not logged in!

Compare scores with friends on all Sporcle quizzes.
Join for Free
OR
Log In

You Might Also Like...

Show Comments

Extras

Top Quizzes Today


Score Distribution

Your Account Isn't Verified!

In order to create a playlist on Sporcle, you need to verify the email address you used during registration. Go to your Sporcle Settings to finish the process.

Report this User

Report this user for behavior that violates our Community Guidelines.

Details: